| 000 | 01141nam a22003857a 4500 | ||
|---|---|---|---|
| 001 | lxl8cs5tjz6jnj0k | ||
| 003 | LIBRIS | ||
| 005 | 20211026131152.0 | ||
| 007 | cr ||| ||||| | ||
| 008 | 191218s2013 xx |||||o|||||000 0|und|d | ||
| 020 | _a0323080588 (Print) | ||
| 020 | _z9780323080583 (Print) | ||
| 035 | _a(WaSeSS)ssj0000737836 | ||
| 035 | _a(WaSeSS)ssj0000737836 | ||
| 040 |
_aSEK _eeng _cDLC |
||
| 041 | _aeng | ||
| 080 |
_a616-097 _bI-55 |
||
| 100 | 1 | _aMale, David K. | |
| 245 | 1 | 0 | _aImmunology: With STUDENT CONSULT Online Access |
| 250 | _a8th edition | ||
| 260 |
_aChina _bElsevier _c2013 |
||
| 264 | 1 | _c2013 | |
| 300 |
_a472 p. _bill |
||
| 365 | _b50.88 usd | ||
| 650 | 4 | _aMicrobiology & Immunology | |
| 653 | _aიმუნოლოგია | ||
| 653 | _aმიკრობიოლოგია | ||
| 700 |
_9299 _aBrostoff, Jonathan |
||
| 700 |
_9300 _aRoth, B. David |
||
| 700 |
_9301 _aRoitt, M. Ivan |
||
| 776 | 0 | 8 |
_iPrint _tImmunology: With STUDENT CONSULT Online Access _z0323080588 _z9780323080583 |
| 942 |
_2udc _cBK _e8 |
||
| 999 |
_c400 _d400 |
||